La joya manchada /
Uloženo v:
| Hlavní autor: | |
|---|---|
| Médium: | Kniha |
| Jazyk: | Spanish |
| Vydáno: |
San José, Costa Rica:
Ediciones Guayacán,
1995.
|
| Edice: | Año uno
número 10 |
| Témata: | |
| Tagy: |
Přidat tag
Žádné tagy, Buďte první, kdo vytvoří štítek k tomuto záznamu!
|
MARC
| LEADER | 00000nam a2200000 4500 | ||
|---|---|---|---|
| 008 | 150310s1995 c ||||r|||| 000 f spa d | ||
| 040 | |a CRU CIICLA | ||
| 082 | |a CR863.4 |b D948j | ||
| 100 | 1 | |a Durán Ayanegui, Fernando |d 1939- | |
| 245 | 1 | 3 | |a La joya manchada / |c F. Durán Ayanegui ; comentario del profesor Claudio Bogantes |
| 260 | |a San José, Costa Rica: |b Ediciones Guayacán, |c 1995. | ||
| 300 | |a 90 páginas | ||
| 490 | 1 | |a Año uno |v número 10 | |
| 505 | |r Claudio Bogantes |t El cuento fantástico en Durán Ayanegui / | ||
| 505 | |r Claudio Bogantes |t El cuento fantástico en Durán Ayanegui / | ||
| 505 | |t Literatura y sociedad en América Latina --Lo real maravilloso--El realismo mágico--La literatura fantástica--Sociedades homogéneas y sociedades heterogéneas--La Joya Manchada--La Diégesis--La diégesis de la Joya Manchada--La temática y el simbolismo de los nombres. | ||
| 650 | 7 | |9 76 |a LITERATURA COSTARRICENSE |v NOVELA | |
| 942 | |2 ddc |c BK | ||
| 999 | |c 3977 |d 3977 | ||
